000 00446pam a2200169 a 4500
020 _a0471824259
040 _cDLC
082 _a150 WIL 1988 A001 Or.
100 1 _aSpear, Peter D
245 1 0 _aPsychology :
_bperspectives on behavior /
260 _aNew York :
_bWiley,
_cc1988
300 _axviii, 825, [122] p. :
_bill. (some col.) ;
_c27 cm
650 0 _aPsychology
700 1 _aPenrod, Steven
700 1 _aBaker, Timothy B
942 _cEK
999 _c14307
_d14307